000 00572nam a2200181 i 4500
003 OSt
005 20241216140924.0
008 240427s2009 np |||||r|||| 00| 0 eng d
040 _aLHL
_beng
_cLHL
_erda
100 _aChökyi Nyima,
_cRinpoche,
_d1951-
245 _aBecoming your own protector /
_ca teaching by Chökyi Nyima Rinpoche.
264 _aKathmandu :
_bKa-Nying Shedrub Ling Monastery,
_c2009.
300 _a9 pages ;
_c21 cm.
336 _2rdacontent
_atext
_btxt
337 _2rdamedia
_aunmediated
_bn
338 _2rdacarrier
_avolume
_bnc
942 _cBOOK
_n0
_2LCS
999 _c2524
_d2524